Znani darterzy - nagła śmierć - Statystyki

Ogólne statystyki
  • Ten quiz został rozwiązany 70 razy
  • Średni wynik to 9 z 10
Answers on the Grid
Answers color-coded by a green-red scale on the quiz's grid according to % correct below.
Luke Littler
Krzysztof Ratajski
Jan Bród
Phil Taylor
Michael Van Gerwen
Johnny Clayton
Gerwyn Price
Krzysztof Kciuk
Szymon Szop
Edward Dulka
Gian Van Veen
Luke Humphries
Łukasz Kaczmarek
Gary Anderson
Hubert Bartz
 
Statystyki odpowiedzi
Odpowiedź % Poprawnych
Gerwyn Price
97%
Krzysztof Ratajski
97%
Luke Humphries
97%
Luke Littler
97%
Gary Anderson
95%
Gian Van Veen
95%
Michael Van Gerwen
95%
Phil Taylor
93%
Johnny Clayton
91%
Krzysztof Kciuk
76%
Nie znaleziono quizów pasujących do podanych kryteriów
Rozkład punktacji
Procent ludzi z każdym wynikiem
Percentyl według liczby udzielonych odpowiedzi
Twoja historia wyników
Nie rozwiązałeś tego quizu